College Football Teams to make the BCS National Championship - Statistics

General Stats
  • This quiz has been taken 117 times
  • The average score is 12 of 15
Answer Stats
Appearances Answer % Correct
3 Alabama
95%
3 Ohio State
91%
2 Florida
90%
4 Florida State
90%
2 Texas
90%
2 USC
89%
4 Oklahoma
83%
3 LSU
82%
1 Oregon
72%
2 Auburn
70%
2 Miami
70%
1 Notre Dame
68%
1 Tennessee
67%
1 Nebraska
65%
1 Virginia Tech
41%
No matching quizzes found
Score Distribution
Percent of People with Each Score
Percentile by Number Answered
Your Score History
You have not taken this quiz